| 000 | 00479nam a2200157 i 4500 | ||
|---|---|---|---|
| 001 | 40810 | ||
| 003 | ES-MaACL | ||
| 005 | 20230906160319.0 | ||
| 007 | t| | ||
| 008 | 030307s1963 it ||||1| ita d | ||
| 100 | 1 |
_aCariddi, Walter. _935244 |
|
| 245 | 1 | 0 |
_aStudi Schopenhaueriani _b: Schopenhauer e la cultura romantica con un saggio du Novalis / _cWalter Cariddi. |
| 260 |
_aLecce : _bMilella, _c[1963] |
||
| 300 |
_a63 p. ; _c21 cm. |
||
| 852 |
_aES-MaACL _j2134-F-19 _bR.108036 |
||
| 999 |
_c40810 _d40810 |
||